| 000 | 003270000a22000970004500 | ||
|---|---|---|---|
| 100 | 1 | _aLeguineche, Manuel | |
| 245 | 1 | 0 | _aBalas de fiesta en Krajina. Yuguslavia --El drama espeluznante de una guerra cruel que lucha por territorios |
| 300 | _aVol. 115, Num. 115 (Agosto, 1995), Páginas 36-39 | ||
| 773 | 0 | _tCambio 16 | |
| 942 | _cANA | ||
| 999 |
_c58820 _d58820 |
||